Antártida /

Guardado en:
Autor Corporativo: National Geographic.
Formato: Deslizar
Series:Los especiales de la National Geographic
Materias:
Etiquetas: Agregar Etiqueta
Sin Etiquetas, Sea el primero en etiquetar este registro!
LEADER 00805ngm a22002295g 4500
001 CEM.cems021400
008 130507b1992##################0###0#####d
005 20240822160703.0
245 0 0 |a Antártida / 
300 |a 50 
490 0 |a Los especiales de la National Geographic 
500 |a En soporte VHS, consultar en ventanilla. 
505 0 |a Aventura Antártica: expedición de un grupo de científicos alemanes a la Antártida. Experiencias geológicas. 
538 |a Soporte: VHS - Norma: Pal N - Color - Grabación Drd 1992 - Hitachi=2485 
110 2 |a National Geographic. 
082 9 1 |/ GEO 
653 |a GEOLOGIA 
653 |a ANTARTIDA 
653 |a EXPEDICIONES 
653 |a NIVEL PRIMARIO 
653 |a NIVEL SECUNDARIO 
859 |a CEMS  |b BIB. CEMS - Depto. Recursos Didacticos  |h 910  |i GEO  |k DRD  |p 43.12  |t Ej.1